[Event "Berlin Spring op-A"]
[Site "Berlin"]
[Date "2014.05.02"]
[Round "4"]
[White "Schoene, Ralf"]
[Black "Wallgren, Ulf"]
[Result "1/2-1/2"]
[WhiteElo "2345"]
[BlackElo "2084"]
[PlyCount "41"]
[EventDate "2014.05.01"]
[EventType "swiss"]
[EventRounds "7"]
[EventCountry "GER"]
[SourceTitle "CBM 160 Extra"]
[Source "ChessBase"]
[SourceDate "2014.07.01"]
[SourceVersion "1"]
[SourceVersionDate "2014.07.01"]
[SourceQuality "1"]

1. d4 e6 2. c4 f5 3. Nc3 Nf6 4. g3 Be7 5. Bg2 0-0 6. d5 e5 7. e3 a5 8. Nf3 d6 9. 0-0 Na6 10. b3 Qe8 11. Bb2 h6 12. a3 Bd7 13. Ne1 g5 14. f4 Ng4 15. Nc2 exf4 16. exf4 gxf4 17. gxf4 Bh4 18. h3 Ne3 19. Nxe3 Qxe3+ 20. Kh1 Qe7 21. Qc2 1/2-1/2

[Event "Berlin Spring op-A"]
[Site "Berlin"]
[Date "2014.05.01"]
[Round "2"]
[White "Schoene, Ralf"]
[Black "Weidel, Albrecht"]
[Result "1-0"]
[WhiteElo "2345"]
[BlackElo "2120"]
[PlyCount "105"]
[EventDate "2014.05.01"]
[EventType "swiss"]
[EventRounds "7"]
[EventCountry "GER"]
[SourceTitle "CBM 160 Extra"]
[Source "ChessBase"]
[SourceDate "2014.07.01"]
[SourceVersion "1"]
[SourceVersionDate "2014.07.01"]
[SourceQuality "1"]

1. d4 d5 2. c4 e6 3. Nc3 c5 4. cxd5 cxd4 5. Qa4+ Bd7 6. Qxd4 exd5 7. Qxd5 Nc6 8. Nf3 Nf6 9. Qd1 Bc5 10. e3 Qe7 11. Be2 0-0-0 12. 0-0 g5 13. Nd4 g4 14. a3 h5 15. b4 Bb6 16. Nxc6 Bxc6 17. Qc2 Kb8 18. b5 Bd7 19. a4 g3 20. hxg3 h4 21. a5 Bc5 22. gxh4 Rxh4 23. Ra4 Rdh8 24. Rxh4 Rxh4 25. Rd1 Qe5 26. g3 Qg5 27. Rxd7 Nxd7 28. Ne4 Qg6 29. Bf3 Be7 30. Bb2 f5 31. Nd2 Rh7 32. a6 Bd6 33. axb7 Nc5 34. Bg2 Nxb7 35. Qd3 Re7 36. Bd4 Qe6 37. Bd5 Qd7 38. Bc6 Qe6 39. Nc4 Nc5 40. Bxc5 Bxc5 41. Qd8+ Qc8 42. Qd5 Bb6 43. Qd6+ Qc7 44. Qg6 f4 45. Qg8+ Qd8 46. Qxd8+ Bxd8 47. gxf4 Kc7 48. Bd5 Rg7+ 49. Kf1 Be7 50. Be4 Bc5 51. Bd3 Rg8 52. Ne5 Rd8 53. Ke2 1-0

[Event "Oberliga Nord O 1314"]
[Site "Germany"]
[Date "2014.02.09"]
[Round "6.4"]
[White "Schoene, Ralf"]
[Black "Gruzmann, Boris"]
[Result "1-0"]
[WhiteElo "2348"]
[BlackElo "2229"]
[PlyCount "124"]
[EventDate "2013.10.13"]
[EventType "team-tourn"]
[EventRounds "9"]
[EventCountry "GER"]
[SourceTitle "EXT 2015"]
[Source "ChessBase"]
[SourceDate "2014.11.20"]
[SourceVersion "1"]
[SourceVersionDate "2014.11.20"]
[SourceQuality "1"]
[WhiteTeam "Neuruppin"]
[BlackTeam "Steglitz Wilmersdorf"]
[WhiteTeamCountry "GER"]
[BlackTeamCountry "GER"]

1. d4 Nf6 2. c4 d6 3. g3 g6 4. Bg2 Bg7 5. Nc3 0-0 6. Nf3 Nc6 7. 0-0 a6 8. h3 Rb8 9. e4 e5 10. d5 Na5 11. Qe2 c5 12. dxc6 bxc6 13. Rd1 Qe7 14. b3 Nb7 15. Ba3 Nd7 16. Na4 Ndc5 17. Nxc5 dxc5 18. Ne1 Be6 19. Nd3 Rbd8 20. Qe3 Rd4 21. Bb2 Qd7 22. Kh2 f5 23. Bxd4 f4 24. Qe2 cxd4 25. g4 Qe7 26. f3 h5 27. Qe1 hxg4 28. hxg4 Kf7 29. Bh3 Rh8 30. Qf2 Nd6 31. Rh1 Nxe4 32. fxe4 Bxg4 33. Nxf4 exf4 34. Qxf4+ Bf5 35. Kg1 Bh6 36. Qf3 Qxe4 37. Rf1 Be3+ 38. Kg2 Qc2+ 39. Kg3 Rh5 40. Bxf5 Rxf5 41. Qg2 Qxg2+ 42. Kxg2 Rxf1 43. Rxf1+ Ke6 44. Rf8 a5 45. Kf3 Ke5 46. Rc8 Kd6 47. Ra8 Bd2 48. Ke4 Kc5 49. Kd3 Bc3 50. Rg8 Kb4 51. Rxg6 c5 52. Rc6 Be1 53. Kc2 Bc3 54. Rc8 Be1 55. Kd3 Bc3 56. Rc6 Be1 57. Re6 Bc3 58. Re5 Ba1 59. a3+ Kxb3 60. Rxc5 Bc3 61. Rb5+ Ka4 62. Rb7 Be1 1-0

[Event "Oberliga Nord O 1314"]
[Site "Germany"]
[Date "2013.12.15"]
[Round "4.4"]
[White "Schoene, Ralf"]
[Black "Lachmann, Utz"]
[Result "1-0"]
[WhiteElo "2348"]
[BlackElo "2174"]
[PlyCount "93"]
[EventDate "2013.10.13"]
[EventType "team-tourn"]
[EventRounds "9"]
[EventCountry "GER"]
[SourceTitle "EXT 2015"]
[Source "ChessBase"]
[SourceDate "2014.11.20"]
[SourceVersion "1"]
[SourceVersionDate "2014.11.20"]
[SourceQuality "1"]
[WhiteTeam "Neuruppin"]
[BlackTeam "Berlin SF III"]
[WhiteTeamCountry "GER"]
[BlackTeamCountry "GER"]

1. d4 f5 2. c4 Nf6 3. g3 g6 4. Bg2 Bg7 5. Nc3 d6 6. Nf3 0-0 7. 0-0 Nc6 8. d5 Na5 9. Qa4 c5 10. dxc6 Nxc6 11. Rb1 Bd7 12. Qd1 a5 13. b3 Qb6 14. Be3 Qd8 15. Nd5 Nxd5 16. Qxd5+ Kh8 17. a3 h6 18. Rfd1 Be8 19. Qd2 Kh7 20. Nd4 Qc8 21. Nb5 a4 22. bxa4 Rxa4 23. Qc2 Ra6 24. c5 Ne5 25. Rdc1 Ng4 26. Qd2 Bxb5 27. Rxb5 Qe6 28. Rxb7 Nxe3 29. Qxe3 dxc5 30. Rxe7 Qxe3 31. fxe3 Rxa3 32. Rxc5 Rxe3 33. Rxe3 Bd4 34. Rc7+ Kh8 35. Rce7 f4 36. gxf4 Rxf4 37. Bf3 g5 38. Kg2 Bxe3 39. Rxe3 Kg7 40. h3 Rb4 41. Re6 Ra4 42. Kg3 Rf4 43. Re4 Rf6 44. Re7+ Kg6 45. Be4+ Kh5 46. Rg7 Rg6 47. Bxg6# 1-0

[Event "Oberliga Nord O 1314"]
[Site "Germany"]
[Date "2013.10.13"]
[Round "1.4"]
[White "Schoene, Ralf"]
[Black "Grottke, Hans Joachim"]
[Result "1/2-1/2"]
[WhiteElo "2348"]
[BlackElo "2209"]
[PlyCount "33"]
[EventDate "2013.10.13"]
[EventType "team-tourn"]
[EventRounds "9"]
[EventCountry "GER"]
[SourceTitle "EXT 2015"]
[Source "ChessBase"]
[SourceDate "2014.11.20"]
[SourceVersion "1"]
[SourceVersionDate "2014.11.20"]
[SourceQuality "1"]
[WhiteTeam "Neuruppin"]
[BlackTeam "Potsdam Empor"]
[WhiteTeamCountry "GER"]
[BlackTeamCountry "GER"]

1. c4 c6 2. Nf3 d5 3. b3 Nf6 4. Bb2 Bf5 5. d3 e6 6. g3 Be7 7. Bg2 h6 8. 0-0 0-0 9. Nbd2 Nbd7 10. a3 a5 11. Rc1 Bh7 12. Qc2 Qb6 13. Qb1 Rfd8 14. Qa1 Ne8 15. Ne5 Nc5 16. Qa2 d4 17. Nef3 1/2-1/2

[Event "Berlin Lichtenrade op 09th"]
[Site "Berlin"]
[Date "2013.10.05"]
[Round "8"]
[White "Schoene, Ralf"]
[Black "Salz, Matthias"]
[Result "1/2-1/2"]
[WhiteElo "2345"]
[BlackElo "1731"]
[PlyCount "76"]
[EventDate "2013.09.28"]
[EventType "swiss"]
[EventRounds "9"]
[EventCountry "GER"]
[SourceTitle "CBM 156 Extra"]
[Source "ChessBase"]
[SourceDate "2013.10.22"]
[SourceVersion "1"]
[SourceVersionDate "2013.10.22"]
[SourceQuality "1"]

1. d4 Nf6 2. c4 g6 3. g3 Bg7 4. Bg2 0-0 5. Nc3 d6 6. Nf3 Nbd7 7. 0-0 e5 8. h3 exd4 9. Nxd4 Re8 10. e4 a6 11. Be3 Rb8 12. Qc2 Ne5 13. b3 c5 14. Nde2 b5 15. Rad1 Qe7 16. cxb5 axb5 17. Nf4 Bb7 18. Nfd5 Nxd5 19. Nxd5 Bxd5 20. Rxd5 Nc6 21. Qd1 Nd4 22. b4 Ra8 23. Bxd4 Bxd4 24. Qe2 Qe6 25. Qxb5 Rxa2 26. Qc6 Rd8 27. e5 Bxe5 28. bxc5 Qf6 29. Qc7 Rf8 30. Rd3 dxc5 31. Qxc5 Kg7 32. Bd5 Rb2 33. Rf3 Qd6 34. Qxd6 Bxd6 35. Rc1 Rb5 36. Bb3 f5 37. Rc6 Be5 38. Rd3 Rb7 1/2-1/2

[Event "Berlin Lichtenrade op 09th"]
[Site "Berlin"]
[Date "2013.09.30"]
[Round "3"]
[White "Schoene, Ralf"]
[Black "Wecker, Martin"]
[Result "1/2-1/2"]
[WhiteElo "2345"]
[BlackElo "2055"]
[PlyCount "49"]
[EventDate "2013.09.28"]
[EventType "swiss"]
[EventRounds "9"]
[EventCountry "GER"]
[SourceTitle "CBM 156 Extra"]
[Source "ChessBase"]
[SourceDate "2013.10.22"]
[SourceVersion "1"]
[SourceVersionDate "2013.10.22"]
[SourceQuality "1"]

1. c4 c5 2. Nc3 Nc6 3. g3 g6 4. Bg2 Bg7 5. e3 e6 6. Nge2 Nge7 7. d4 cxd4 8. exd4 d5 9. cxd5 Nxd5 10. 0-0 0-0 11. a3 Nxc3 12. bxc3 Na5 13. Bf4 Bd7 14. Rb1 Rc8 15. Re1 Bc6 16. Bxc6 Rxc6 17. Qc1 b6 18. Bh6 Qd6 19. Bxg7 Kxg7 20. h4 h5 21. Nf4 Rfc8 22. Ne2 Rc4 23. Qg5 Qd8 24. Qb5 R4c7 25. Qd3 1/2-1/2

[Event "Berlin Lichtenrade op 09th"]
[Site "Berlin"]
[Date "2013.09.29"]
[Round "2"]
[White "Zschaebitz, Klaus"]
[Black "Schoene, Ralf"]
[Result "1/2-1/2"]
[WhiteElo "1997"]
[BlackElo "2345"]
[PlyCount "49"]
[EventDate "2013.09.28"]
[EventType "swiss"]
[EventRounds "9"]
[EventCountry "GER"]
[SourceTitle "CBM 156 Extra"]
[Source "ChessBase"]
[SourceDate "2013.10.22"]
[SourceVersion "1"]
[SourceVersionDate "2013.10.22"]
[SourceQuality "1"]

1. c4 Nf6 2. g3 d6 3. Bg2 g6 4. Nc3 Bg7 5. d4 0-0 6. Nf3 Nc6 7. 0-0 a6 8. Qd3 Bf5 9. e4 Bg4 10. Be3 Bxf3 11. Bxf3 Nd7 12. Bg2 e5 13. d5 Nd4 14. b4 c5 15. dxc6 bxc6 16. a4 Qe7 17. f4 a5 18. b5 Nc5 19. Qd1 Qe6 20. bxc6 Qxc4 21. Bxd4 exd4 22. Nb5 d3 23. Rc1 Qb4 24. Rb1 Qc4 25. Rc1 1/2-1/2